000 00431nam a2200157Ia 4500
005 20250424120323.0
008 250424s9999 xx 000 0 und d
022 _aHD 59 .S68/
050 _aSouth-East journal of public relations
245 0 _aSouth-East, Nigeria
260 _aSpringerWien
260 _b2018
260 _cvi, 142 p. :ill. ; 24 cm.
300 _aPublic relations. Public relations--Nigeria.
650 _aSR
999 _c38649
_d38649